Handbook of statistical analysis : (Record no. 53308)

MARC details
000 -LEADER
fixed length control field 00677nam a2200241Ia 4500
005 - DATE AND TIME OF LATEST TRANSACTION
control field 20260429112301.0
008 - FIXED-LENGTH DATA ELEMENTS--GENERAL INFORMATION
fixed length control field 260429s9999||||xx |||||||||||||| ||und||
020 ## - INTERNATIONAL STANDARD BOOK NUMBER
International Standard Book Number 9780443158452
041 ## - LANGUAGE CODE
Language English
082 ## - DEWEY DECIMAL CLASSIFICATION NUMBER
Classification number 006.312
Item number NIS
100 ## - MAIN ENTRY--PERSONAL NAME
Personal name Nisbet, Robert
245 #0 - TITLE STATEMENT
Title Handbook of statistical analysis :
Remainder of title AI and ml applications /
Statement of responsibility, etc Robert Nisbet
250 ## - EDITION STATEMENT
Edition statement 3rd ed.
260 ## - PUBLICATION, DISTRIBUTION, ETC. (IMPRINT)
Place of publication, distribution, etc Cambridge :
Name of publisher, distributor, etc Elsevier,
Date of publication, distribution, etc 2025.
300 ## - PHYSICAL DESCRIPTION
Extent xxii, 472 p.; pbk
650 ## - SUBJECT ADDED ENTRY--TOPICAL TERM
Topical term or geographic name as entry element Artificial intelligence
650 ## - SUBJECT ADDED ENTRY--TOPICAL TERM
Topical term or geographic name as entry element Data science
650 ## - SUBJECT ADDED ENTRY--TOPICAL TERM
Topical term or geographic name as entry element Machine learning
650 ## - SUBJECT ADDED ENTRY--TOPICAL TERM
Topical term or geographic name as entry element Statistical analysis
700 ## - ADDED ENTRY--PERSONAL NAME
Personal name McCormick, Keith
700 ## - ADDED ENTRY--PERSONAL NAME
Personal name Miner, Gary D.
942 ## - ADDED ENTRY ELEMENTS (KOHA)
Koha item type Text Books
Holdings
Withdrawn status Lost status Damaged status Not for loan Collection code Home library Location Shelving location Date of Cataloging Source of acquisition Total Checkouts Full call number Barcode Date last seen Price effective from Koha item type
        Non-fiction CUTN Central Library CUTN Central Library Generalia 29/04/2026 Today and Tomorrow’s Printers & Publishers, New Delhi - Invoice No. IN-00471 on 10-02-2026   006.312 NIS 58646 29/04/2026 29/04/2026 Text Books